• 首页
  • 本馆介绍
  • 公告通知
  • 最新文献
  • 馆藏检索
  • 电子资源
  • 读者导购
  • 参考咨询
  • 我的图书馆
  • 登录
  • 详细信息显示
  • 放入我的书架
  • 预约/预借图书
  • 作者相关作品
  • 分类相关作品
  • 丛书相关作品
  • 出版社相关作品

书目信息

  • 表格格式
  • 工作单格式
  • 卡片格式
书名: Measurements and instrumentation in heat engineering
作者:
分册号:
分册名:
出版地: Moscow :
 
出版社: Mir Pub
出版时间: 1980.
页数: v. 1, :
开本: 21 cm.
丛书名:
中图分类号:
科图分类号:
其他分类号: TF068.2
主题词:
电子资源:
000 00762nam 2200217 a 4500
001 E0756348576
005 20070226153940.10
008 001 0 eng
008 uu
040    @aCcBjTSG
049    @aN5LA
090    @a2/TK31/P92En///////////*971797/-8/ v.1/ 2cop./*972094-5/ v.2/ 2cop.
090    @aTF068.2
096    @aTK31 @v2
099    @dTF068.2@ex1:1
100 1  @aPreobrazhensky, V. P. @q(Viktor P.)
245 10 @aMeasurements and instrumentation in heat engineering.@nVolume Ⅰ.
260    @aMoscow :@bMir Pub.,@c1980.
300    @av. 1, :@bill. ;@c21 cm.
500    @aTr. from the Russian by Boris Kuznetsov. @b00 @c20020930 @lNLC09 @h2246 @lNLC09 @h2255 @lNLC09 @h1846 @b40 @c20051013 @lNLC09 @h1650
852 9  @bWWJC @cJ08S @k2 @hTK31 @iP92En
    
    Measurements and instrumentation in heat engineering.. Volume Ⅰ.-Moscow : : Mir Pub., , 1980.
    v. 1, : : ill. ; ; 21 cm.
    Tr. from the Russian by Boris Kuznetsov.
    
    ISBN
    
●
相关链接 在E读中查询图书 在五车中查询图书 在当当中查询图书 在豆瓣中查询图书


正题名:Measurements and instrumentation in heat engineering     索取号:TF068.2/x1:1         预约/预借

序号 登录号 条形码 馆藏地/架位号 状态 备注
1 182989   000634567   第二样本阅览室/ [索取号:TF068.2/x1:1] 在馆    
2 182990   000634576   第四借阅区/ [索取号:TF068.2/x1:1] 在馆    
唐山师范学院图书馆 欢迎您!
大连网信软件有限公司© 版权所有